000 00419nam a22001697a 4500
005 20160521093931.0
008 160521b xxu||||| |||| 00| 0 eng d
020 _a81-203-0765-8
041 _aeng
082 _b3643
100 _aRobert Theoton Marruar rotert Nelgron Boyl
_9907
245 _aOrganic Chemistry
260 _aNew Delhi
_bPHI,
300 _a1278
650 _aDIPLOMA ENGINEERING
_9817
942 _cBK
999 _c1243
_d1243